1242 1392 1299 1417 1754 1660 1307 1728 1854 1784 1106 1328 1743 1691 1445 1846 1337 1943 1421 1468 1451 1099 1438 1307 1869 1398 1776 1309 1770 1313 1972 1902 1396 1945 1203 1993 1541 1413 1921 1271 1811 1765 1396 1105 1074 1380 1577 1354 1125 1791 1712 1983 1877 1232 1115 1587 1172 1512 1426 1735 1035 1547 1396 1585 1199 1851 1159 1164 1228 1834 1900 1268 1773 1641 1398 1700 1490 1044 1146 1408 1004 1257 1091 1200 1818 1662 1454 1789 1711 1426 1805 1542 1372 1181 1215 1865 1849 1385 1544 BCNSPRNW ULIB Ver.6.0+V

เปลี่ยนเป็นภาษาไทย

Change to English
 แสดงรายละเอียดบรรณานุกรม
  กลับหน้าหลัก

Brief Record : Get Marc (ISO 2709) : E-mail record : QR code < ปิดหน้าต่าง
LEADER : 00000nam 2200000uu 4500
001    13399122551
003     ULIB
008    020711s2548 th a 000 0 tha d
020    9743413928
020    9789743413926
090    นว.^bอ111ล
100    อาธา คริสตี้,^eเขียน
245    ลางสังหาร./^cอาธา คริสตี้ ; เขียน , กัณหา แก้วไทย ; แปล
250    พิมพ์ครั้งที่ 1
260    กรุงเทพฯ :^bสร้างสรรค์บุ๊คส์,^c2548
300    341 หน้า
700 1  กัณหา แก้วไทย,^eแปล
945    ^p170^l0^i19999
999    ^aทศพร เกษรทอง
รายการนี้ยังไม่มีแท็ก
คุณยังไม่ได้ล็อกอิน คุณสามารถมีกิจกรรมร่วมกับเว็บไซต์ได้ แต่ต้องล็อกอินก่อน ::
  ล็อกอิน

รายการสื่อสารสนเทศ

ลำดับที่ ประเภท เลขเรียก/บาร์โค้ด สถานที่ สถานะ
1. นวนิยาย
นวนิยาย
นว. อ111ล ฉ.1 
  Barcode: 19999
ห้องสมุดวิทยาเขตสวรรค์ประชารักษ์
►นวนิยาย
บนชั้น
  ขอยืม

BibComment


ยังไม่เคยถูกคอมเมนท์

คอมเมนท์ทรัพยากรรายการนี้
  คอมเมนท์: ลางสังหาร อาธา คร..


 Copyright 2026. Bcnsprnw @Library